000
00337nam a22001457a 4500
008
210519b ||||| |||| 00| 0 eng d
020
_a
9780471501961
041
_a
eng
080
_2
4th
_a
574
082
_a
574
100
_a
9
101
_a
MJE
245
_a
Patty's Industrial Hygiene and Toxicology
_c
Clayton,G.D
942
_2
udc
_c
BK
999
_c
57505
_d
57505